Pension planning (Record no. 5707)
[ view plain ]
| 000 -LEADER | |
|---|---|
| fixed length control field | 00365nam a2200145Ia 4500 |
| 020 ## - INTERNATIONAL STANDARD BOOK NUMBER | |
| International Standard Book Number | 0256030812 |
| 082 ## - DEWEY DECIMAL CLASSIFICATION NUMBER | |
| Classification number | 368.43 ALL |
| 100 ## - MAIN ENTRY--PERSONAL NAME | |
| Personal name | Allen, E. T. |
| 9 (RLIN) | 4797 |
| 245 ## - TITLE STATEMENT | |
| Title | Pension planning |
| 260 ## - PUBLICATION, DISTRIBUTION, ETC. | |
| Place of publication, distribution, etc. | Homewood, II: |
| Name of publisher, distributor, etc. | Richard D. Irwin |
| Date of publication, distribution, etc. | 1984 |
| 300 ## - PHYSICAL DESCRIPTION | |
| Extent | xiii, 448p. :ill. ;24cm. |
| 500 ## - GENERAL NOTE | |
| General note | Incudes index |
| 650 ## - SUBJECT ADDED ENTRY--TOPICAL TERM | |
| Topical term or geographic name entry element | PensionsSocial security |
| 9 (RLIN) | 2306 |
| 942 ## - ADDED ENTRY ELEMENTS (KOHA) | |
| Koha item type | Books |
| Withdrawn status | Lost status | Damaged status | Not for loan | Collection code | Home library | Current library | Shelving location | Date acquired | Total Checkouts | Full call number | Barcode | Date last seen | Price effective from | Koha item type |
|---|---|---|---|---|---|---|---|---|---|---|---|---|---|---|
| Non-fiction | IFM Main Campus Library | IFM Main Campus Library | Archival Collection | 09/15/2021 | 368.43 ALL | 0000001751 | 05/15/2015 | 02/19/2022 | Books | |||||
| Non-fiction | IFM Main Campus Library | IFM Main Campus Library | Archival Collection | 09/15/2021 | 368.43 ALL | 0000001752 | 11/04/2015 | 02/19/2022 | Books | |||||
| Non-fiction | IFM Main Campus Library | IFM Main Campus Library | Archival Collection | 09/15/2021 | 368.43 ALL | 0000008265 | 04/10/2017 | 02/19/2022 | Books |
